O studu /

Saved in:
Bibliographic Details
Main Author: Scheler, Max (Author)
Format: Book
Language:Czech
Published: Praha : Mladá fronta, 1993
Edition:1.vyd.
Series:Váhy sv.7
Subjects:
Tags: Add Tag
No Tags, Be the first to tag this record!

MARC

LEADER 00000nam a22000003a 4500
001 stu4528
005 20150617225810.4
008 930831s1993----xr------------------cze-d
020 |a 80-204-0354-X 
040 |a STU  |b slo 
041 0 |a cze 
044 |a xr 
080 |a 17.02 
100 1 |a Scheler, Max  |4 aut 
245 1 |a O studu /  |c [aut.] Scheler,Max 
250 |a 1.vyd. 
260 |a Praha :  |b Mladá fronta,  |c 1993 
300 |a 171 s 
650 7 |a náuka o mravoch  |2 stusub 
650 7 |a hamblivosť  |2 stusub 
830 0 |a Váhy  |v sv.7 
996 |b E78244  |c R*78244  |l RRUM  |s A  |a 24  |w stu4528_0001